| 000 -ლიდერი |
| ფიქსირებული სიგრძის საკონტროლო ველი |
01859nam a2200301Ia 4500 |
| 001 - საკონტროლო ნომერი |
| საკონტროლო ველი |
533 |
| 003 - საკონტროლო ნომრის იდენტიფიკატორი |
| საკონტროლო ველი |
GE_BSU |
| 005 - ბოლო ოპერაციის თარიღი და დრო |
| საკონტროლო ველი |
20211209144214.0 |
| 008 - ფიქსირებული სიგრძის მონაცემთა ელემენტები - ზოგადი ინფორმაცია |
| ფიქსირებული სიგრძის საკონტროლო ველი |
181216s2011||||ge |||||||||||||| ||geo|| |
| 020 ## - წიგნის საერთაშორისო სტანდარტული ნომერი |
| International Standard Book Number |
9789941031465 |
| 040 ## - კატალოგიზაციის წყარო |
| Transcribing agency |
GE_BSU |
| 041 ## - ენის კოდი |
| Language code of text/sound track or separate title |
geo |
| 080 ## - უნივერსალური ათობითი კლასიფიკაციის ინდექსი |
| Universal Decimal Classification number |
338.24(075.8) ე–49 |
| 245 ## - ცნობა სათაურის შესახებ |
| Title |
ეკონომიკის სახელმწიფო რეგულირება : |
| Remainder of title |
(თეორიულ-მეთოდოლოგიური ასპექტები, მექანიზმები და რესურსული ბაზა) : სახელმძღვანელო : [2 წიგნად]. წ. 1 / |
| Statement of responsibility, etc |
ევგენი ბარათაშვილი, გურამ ჯოლია, ნოდარ გრძელიშვილი [და სხვ.] ; [რედ.: რევაზ გველესიანი, მაია გონაშვილი]. |
| 264 ## - წარმოების, გამოცემის, დისტრიბუციის და სხვა ცნობები |
| გამოცემის, წარმოების, დისტრიბუციის... ადგილი |
თბილისი. |
| გამოცემის, წარმოების, დისტრიბუციის... თარიღი |
2011. |
| 300 ## - ფიზიკური აღწერა |
| Extent |
262 გვ. |
| Other physical details |
|
| 504 ## - BIBLIOGRAPHY, ETC. NOTE |
| Bibliography, etc |
ბიბლიოგრ.: გვ. 260-262. |
| 653 ## - INDEX TERM--UNCONTROLLED |
| Uncontrolled term |
ეკონომიკა |
| 653 ## - INDEX TERM--UNCONTROLLED |
| Uncontrolled term |
ეკონომიკის სახელმწიფო რეგულირება |
| 700 ## - ADDED ENTRY--PERSONAL NAME |
| Personal name |
ჯოლია, გურამ |
| Relator term |
ავტორი |
| 9 (RLIN) |
13246 |
| 700 ## - ADDED ENTRY--PERSONAL NAME |
| Personal name |
გრძელიშვილი, ნოდარ |
| Relator term |
ავტორი |
| 9 (RLIN) |
4965 |
| 700 ## - ADDED ENTRY--PERSONAL NAME |
| Personal name |
მამალაძე, ირინე |
| Relator term |
ავტორი |
| 9 (RLIN) |
13247 |
| 700 ## - ADDED ENTRY--PERSONAL NAME |
| Personal name |
სეხნიაშვილი, დალი |
| Relator term |
ავტორი |
| 9 (RLIN) |
13248 |
| 700 ## - ADDED ENTRY--PERSONAL NAME |
| Personal name |
ჩახვაშვილი, დავით |
| Relator term |
ავტორი |
| 9 (RLIN) |
13249 |
| 700 ## - ADDED ENTRY--PERSONAL NAME |
| Personal name |
გველესიანი, რევაზ |
| Relator term |
რედაქტორი |
| 9 (RLIN) |
3195 |
| 700 ## - ADDED ENTRY--PERSONAL NAME |
| Personal name |
გონაშვილი, მაია |
| Relator term |
რედაქტორი |
| 9 (RLIN) |
13250 |
| 942 ## - ADDED ENTRY ELEMENTS (KOHA) |
| Koha item type |
წიგნი |
| Source of classification or shelving scheme |
|